| 000 | 00446cam a22001337a 4500 | ||
|---|---|---|---|
| 008 | 180718b1976 xxu||||| |||| 00| 0 eng d | ||
| 082 | _aU6 In8 | ||
| 100 | _aPorter, David O. | ||
| 245 |
_aAdapting the profit center concept to government adminsitration _cby David O. Porter |
||
| 260 |
_aBerlin _bInternational Institute of Management _c1976 |
||
| 300 | _a46p. | ||
| 650 | _aGovernment enterprise | ||
| 700 | _aInternational Institute of Management | ||
| 999 |
_c480065 _d480065 |
||